[Event "Airthings Masters KO 2020"]
[Site "chess24.com INT"]
[Date "2021.01.01"]
[Round "2.21"]
[White "Dubov, Daniil"]
[Black "Radjabov, T"]
[Result "0-1"]
[WhiteElo "2702"]
[BlackElo "2765"]
[EventDate "2020.12.29"]
[WhiteTitle "GM"]
[BlackTitle "GM"]
[WhiteFideId "24126055"]
[BlackFideId "13400924"]

1.Nf3 Nf6 2.c4 e6 3.Nc3 d5 4.d4 Be7 5.g4 O-O 6.g5 Ne4 7.Bg2 c5 8.dxc5 Nxc3
9.bxc3 Bxc5 10.h4 Nc6 11.h5 dxc4 12.Qc2 e5 13.Rb1 Bb6 14.Nh4 f5 15.gxf6 
Qxf6 16.e3 Be6 17.Be4 Qh6 18.Ba3 Rf7 19.Qe2 Rd8 20.Rg1 Qf6 21.Nf3 Bd5 22.
Bxd5 Rxd5 23.Ng5 Qf5 24.Rc1 Rf6 25.Rg2 Rd3 26.Qg4 Rxe3+ 27.Kf1 Qxg4 28.
Rxg4 Rd3 29.Rc2 h6 30.Ne4 Rf4 31.Rxf4 exf4 32.Kg2 Rd5 33.Bd6 Rxh5 34.Bxf4 
Rd5 35.Re2 Kh7 36.Nd2 Ba5 37.Nxc4 Bxc3 38.Nd6 b6 39.Rc2 Nd4 40.Rxc3 Ne2 
41.Rc6 Nxf4+ 42.Kf3 Nd3 43.Ke4 Nb4 44.a3 Rd4+ 45.Kxd4 Nxc6+ 46.Kd5 Na5 47.
Nc8 h5 48.Nxa7 h4 49.Ke4 Nc4 50.Kf4 g5+ 51.Kg4 Ne5+ 52.Kh3 Kg6 53.Nc8 Nc4 
54.Kg4 b5 55.f4 Ne3+ 56.Kf3 h3 57.Kg3 g4 58.Ne7+ Kf6 59.Nc6 Nf1+ 60.Kf2 h2
61.Kg2 g3 62.Ne5 Ne3+ 63.Kh1 Nd1 0-1

[Event "Airthings Masters KO 2020"]
[Site "chess24.com INT"]
[Date "2020.12.29"]
[Round "1.14"]
[White "Radjabov, T"]
[Black "Nepomniachtchi, I"]
[Result "1/2-1/2"]
[WhiteElo "2765"]
[BlackElo "2784"]
[EventDate "2020.12.29"]
[WhiteTitle "GM"]
[BlackTitle "GM"]
[WhiteFideId "13400924"]
[BlackFideId "4168119"]

1.Nf3 c5 2.c4 Nc6 3.e3 Nf6 4.Nc3 e6 5.d4 d5 6.cxd5 Nxd5 7.Bd3 Be7 8.a3 
cxd4 9.exd4 O-O 10.O-O b6 11.Qc2 Nf6 12.Bg5 h6 13.Bxf6 Bxf6 14.Be4 Bb7 15.
Rad1 Rc8 16.d5 exd5 17.Bxd5 Qe7 18.Rfe1 Qc5 19.Re3 Nd4 20.Qe4 Nxf3+ 21.
Qxf3 Bxd5 22.Nxd5 Bg5 23.Red3 Qc2 24.b4 Rce8 25.g3 Re6 26.h4 Bf6 27.Kg2 
Rfe8 28.R3d2 Qc4 29.Qf5 Be5 30.h5 a5 31.Rd3 axb4 32.axb4 Bf6 33.Qf3 Be5 
34.Re3 b5 35.Re4 Qa2 36.Re3 Qc4 37.Rdd3 Bd6 38.Rxe6 Rxe6 39.Rc3 Qe4 40.Rc6
Bf8 41.Rc8 Qxf3+ 42.Kxf3 g5 43.Rb8 Kg7 44.Rxb5 Re5 45.Nc7 Rxb5 46.Nxb5 
Bxb4 47.Nd4 Kf6 48.g4 Bf8 49.Ke4 Bc5 50.Nf5 Bxf2 51.Nxh6 Be1 52.Nf5 Bc3 
53.Kd5 Bb4 54.Ng3 Ba3 55.Ne4+ Kg7 56.Ke5 Be7 57.Kf5 Kh6 58.Nd2 Kg7 59.Nf3 
Kh6 60.Ne5 Kg7 61.Nc6 Ba3 62.Kxg5 Bc1+ 63.Kf5 Bb2 64.Ne5 Bc3 65.g5 Bb2 66.
Nd7 Bc3 67.Nf6 Bb2 68.Ne4 Ba1 69.Kg4 Bb2 70.Nd6 Ba1 71.Kf4 Bb2 72.Ke4 Bc1 
73.Kf5 Bb2 74.Nc4 Ba1 75.Ne5 Bb2 76.Nf3 Ba1 77.Ng1 Bb2 78.Ne2 Ba1 79.Kg4 
Bb2 80.h6+ Kh7 81.Kh5 Be5 82.Ng1 Bb2 83.Nf3 Bc3 84.Nh4 Bb2 85.Nf5 Be5 86.
Ne7 Bb2 87.Nc6 Bc3 88.Nd8 Kg8 89.g6 fxg6+ 90.Kxg6 Kf8 91.Ne6+ Ke7 92.Ng7 
Kf8 93.Nf5 Ba1 94.h7 Bh8 95.Ng3 Ke7 96.Nh5 Kf8 97.Nf6 Ke7 98.Ng8+ Kf8 99.
Nh6 Ke7 100.Nf7 Ba1 101.Ng5 Bh8 102.Nf3 Kf8 103.Nh4 Ke7 104.Nf5+ Kf8 
1/2-1/2